All European Countries By Men's Average Height - In Order - Statistics

General Stats
  • This quiz has been taken 77 times
  • The average score is 34 of 40
Answer Stats
CM # Country % Correct
183.78 N Netherlands
98%
182.86 E Estonia
97%
181.89 D Denmark
91%
182.24 L Latvia
91%
183.30 M Montenegro
91%
180.24 G Germany
88%
178.52 F France
86%
182.03 I Iceland
86%
179.03 I Ireland
86%
180.98 L Lithuania
86%
181.02 S Slovakia
86%
181.17 S Slovenia
86%
180.79 U Ukraine
86%
177.82 U United Kingdom
86%
180.76 C Croatia
84%
180.57 F Finland
84%
178.46 L Luxembourg
84%
180.69 P Poland
84%
178.21 R Romania
84%
180.91 S Serbia
84%
178.60 A Austria
83%
179.09 B Belgium
83%
182.47 B Bosnia and Herzegovina
83%
179.26 G Greece
83%
175.11 I Italy
83%
180.72 N Norway
83%
181.33 C Czech Republic
81%
176.59 H Hungary
81%
174.38 M Malta
81%
174.92 M Moldova
81%
174.07 P Portugal
81%
178.73 S Switzerland
81%
178.79 B Belarus
80%
177.30 R Russia
80%
176.01 S Spain
80%
174.05 A Albania
78%
178.84 A Andorra
78%
180.46 S Sweden
78%
175.97 B Bulgaria
77%
176.43 N North Macedonia
73%
No matching quizzes found
Score Distribution
Percent of People with Each Score
Percentile by Number Answered
Your Score History
You have not taken this quiz